|
|
|
|
| LEADER |
02096nam a2200313 a 4500 |
| 001 |
0016940 |
| 003 |
BD-DhAAL |
| 008 |
101106m20082004njuad 001 0 eng d |
| 020 |
|
|
|a 0130085197
|
| 020 |
|
|
|a 8177588982
|
| 040 |
|
|
|a UUS
|c UUS
|d NNC
|d OrLoB-B
|d BD-DhAAL
|
| 082 |
0 |
0 |
|a 621.367
|2 22
|
| 100 |
1 |
|
|a Gonzalez, Rafael C.
|9 58620
|
| 245 |
1 |
0 |
|a Digital Image processing using MATLAB /
|c Rafael C. Gonzalez, Richard E. Woods, Steven L. Eddins.
|
| 260 |
|
|
|a Upper Saddle River, N. J. ;
|a New Delhi :
|b Pearson/Prentice Hall,
|c c2004 [impression 2008].
|
| 300 |
|
|
|a xiv, 620 p. :
|b ill., charts ;
|c 25 cm
|
| 504 |
|
|
|a Includes bibliographical references and index.
|
| 505 |
0 |
0 |
|g 1.
|t Introduction --
|g 2.
|t Fundamentals --
|g 3.
|t Intensity Transformations and Spatial Filtering --
|g 4.
|t Frequency Domain Processing --
|g 5.
|t Image Restoration --
|g 6.
|t Color Image Processing --
|g 7.
|t Wavelets --
|g 8.
|t Image Compression --
|g 9.
|t Morphological Image Processing --
|g 10.
|t Image Segmentation --
|g 11.
|t Representation and Description --
|g 12.
|t Object Recognition --
|g App. A.
|t Function Summary --
|g App. B.
|t ICE and MATLAB Graphical User Interfaces --
|g App. C.
|t M-Functions.
|
| 526 |
|
|
|a CSE
|x Dr. Mumit Khan
Professor and Chairperson
Department of Computer Science and Engineering
BRAC University
|
| 541 |
1 |
|
|e 0016940
|a Smart Books
|
| 630 |
0 |
0 |
|a MATLAB.
|
| 650 |
|
0 |
|a Image processing
|x Digital techniques.
|
| 700 |
1 |
|
|a Woods, Richard E.
|q (Richard Eugene),
|d 1954-
|9 58621
|
| 700 |
1 |
|
|a Eddins, Steven L.,
|d 1964-
|9 58622
|
| 852 |
4 |
|
|a Ayesha Abed Library
|c General Stacks
|
| 942 |
|
|
|2 ddc
|c BK
|
| 999 |
|
|
|c 10041
|d 10041
|
| 952 |
|
|
|0 0
|1 0
|2 ddc
|4 0
|6 621_367000000000000_GON
|7 0
|9 13123
|a BRACUL
|b BRACUL
|c GEN
|d 2010-11-06
|e Smart Books
|g 590.00
|l 6
|m 40
|o 621.367 GON
|p 3010016940
|r 2022-11-10
|s 2022-11-10
|t 1
|w 2010-11-06
|y BK
|x Requisitioned by Dr. Mumit Khan (Professor and Chairperson, Department of Computer Science and Engineering, BRAC University).
|
| 952 |
|
|
|0 0
|1 3
|2 ddc
|4 0
|6 621_367000000000000_GON
|7 0
|9 19779
|a BRACUL
|b BRACUL
|c GEN
|d 2012-03-24
|l 7
|m 45
|o 621.367 GON
|p 3010024842
|r 2024-01-04
|s 2022-07-16
|t 2
|w 2012-03-25
|y BK
|z Lost
|